MARC details
| 000 -LEADER |
| campo de control de longitud fija |
01615nam a2200265 i 4500 |
| 001 - NÚMERO DE CONTROL |
| campo de control |
28654 |
| 003 - IDENTIFICADOR DE NÚMERO DE CONTROL |
| campo de control |
ES-MaACL |
| 005 - FECHA Y HORA DE LA ÚLTIMA TRANSACCIÓN |
| campo de control |
20250728095942.0 |
| 007 - CAMPO FIJO DE DESCRIPCIÓN FÍSICA--INFORMACIÓN GENERAL |
| campo de control de longitud fija |
t| |
| 008 - DATOS DE LONGITUD FIJA--INFORMACIÓN GENERAL |
| campo de control de longitud fija |
030117m18851887cu ||||1| spa d |
| 100 1# - ENTRADA PRINCIPAL--NOMBRE DE PERSONA |
| Nombre de persona |
Balmaseda, Francisco Javier ( |
| Fechas asociadas al nombre |
1833-1907) |
| 9 (RLIN) |
25095 |
| 245 10 - MENCIÓN DEL TÍTULO |
| Título |
Tesoro del agricultor cubano : |
| Resto del título |
métodos para el cultivo de las principales plantas propias del clima de la isla de Cuba / |
| Mención de responsabilidad, etc. |
escritos ó coleccionados por Francisco Javier Balmaseda, ampliadas con estudios agrícola-económico sobre el porvenir de cada producto así como algo de horticultura, ganadería y veterinaría y una introducción de Francisco Jimeno. |
| 260 ## - PUBLICACIÓN, DISTRIBUCIÓN, ETC. |
| Lugar de publicación, distribución, etc. |
Habana : |
| Nombre del editor, distribuidor, etc. |
La Propaganda Literaria, |
| Fecha de publicación, distribución, etc. |
1885-1887. |
| 300 ## - DESCRIPCIÓN FÍSICA |
| Extensión |
3 v. ; |
| Dimensiones |
19 cm. |
| 490 1# - MENCIÓN DE SERIE |
| Mención de serie |
Biblioteca de la Propaganda Literaria |
| 505 8# - NOTA DE CONTENIDO CON FORMATO |
| Nota de contenido con formato |
Contiene: t. 1. Cacao, tabaco, café, maíz, magüey, algodón (XXII, 234 p.) -- t. 2. Naranjo, cocotero, abejas, caña de azúcar, plátano, hiraca, arroz, maní (cacahuete), la vid, piña, caucho, eucalyptus, tágua, etc.(XV, 421 p.)-- t. 3. Gallinas, pavos, palomas, ganadería, veterinaria, horticultura, floricultura, fabricación de azúcar, abonos, aguardientes (426 p.) |
| 530 ## - NOTA DISPONIBLE DE FORMULARIO FÍSICO ADICIONAL |
| Nota de formato físico adicional disponible |
Disponible en formato digital. |
| 650 #7 - PUNTO DE ACCESO ADICIONAL DE MATERIA--TÉRMINO DE MATERIA |
| Término de materia o nombre geográfico como elemento de entrada |
Técnicas agrícolas |
| Fuente del encabezamiento o término |
embne |
| 9 (RLIN) |
155853 |
| 650 #4 - PUNTO DE ACCESO ADICIONAL DE MATERIA--TÉRMINO DE MATERIA |
| Término de materia o nombre geográfico como elemento de entrada |
Plantas cultivadas- |
| Subdivisión geográfica |
Cuba. |
| 9 (RLIN) |
159355 |
| 650 04 - PUNTO DE ACCESO ADICIONAL DE MATERIA--TÉRMINO DE MATERIA |
| Término de materia o nombre geográfico como elemento de entrada |
Producción animal. |
| 9 (RLIN) |
16445 |
| 830 0# - PUNTO DE ACCESO ADICIONAL DE SERIE-TÍTULO UNIFORME |
| Título uniforme |
Biblioteca de la Propaganda Literaria |
| 9 (RLIN) |
181978 |
| 852 ## - LOCALIZACIÓN |
| Ubicación |
ES-MaACL |
| Número de control de estantería |
G-7568-70 |
| 856 ## - LOCALIZACIÓN Y ACCESO ELECTRÓNICOS |
| Identificador Uniforme de Recursos |
<a href="http://bdh-rd.bne.es/viewer.vm?id=0000050329&page=1 ">http://bdh-rd.bne.es/viewer.vm?id=0000050329&page=1 </a> |
| Nota pública |
Biblioteca Digital Hispánica |